[Event "Uppsala Young Champions"]
[Site "Uppsala"]
[Date "2014.10.29"]
[Round "1"]
[White "Bannout, Edvin"]
[Black "Hallman, Valo"]
[Result "1/2-1/2"]
[WhiteElo "1819"]
[BlackElo "1997"]

1.e4 d6 2.d4 Nf6 3.Nc3 e5 4.dxe5 dxe5 5.Qxd8+ Kxd8 6.Bc4 Be6 7.Bxe6 fxe6 
8.Bd2 Nbd7 9.Nf3 a6 10.O-O Bd6 11.Rfe1 Ke7 12.a3 h6 13.b4 b5 14.Na2 Nb6 
15.Nc1 Nfd7 16.Nd3 Nc4 17.Bc3 g5 18.h3 Kf6 19.a4 Ndb6 20.axb5 axb5 21.Rxa8
Rxa8 22.Ra1 Ra4 23.g3 Nd7 24.Kf1 Rxa1+ 25.Bxa1 Na3 26.Nfxe5 Bxe5 27.Nxe5 
Nxe5 28.f4 gxf4 29.gxf4 Nxc2 30.Bxe5+ Kf7 31.Bc3 Ne3+ 32.Ke2 Nc4 33.Kd3 
Nb6 34.Be5 c6 35.Bd4 Nd7 36.Ke3 Kg6 37.Kf3 Nb8 38.Kg4 h5+ 39.Kf3 Na6 40.
Bc3 c5 41.bxc5 Nxc5 42.Ke3 Nd7 43.Kd4 Kf7 44.Bd2 Kf6 45.Be3 Kg6 46.Kc3 Nf6
47.Kd3 Kf7 48.Bd4 Nd7 49.Kc3 e5 50.fxe5 Ke6 51.Kb4 Nxe5 52.Bxe5 1/2-1/2

[Event "Uppsala Young Champions"]
[Site "Uppsala"]
[Date "2014.10.29"]
[Round "1"]
[White "Bit-Narva, David"]
[Black "Cardenas, William"]
[Result "1/2-1/2"]
[WhiteElo "1938"]
[BlackElo "1837"]

1.e4 e5 2.Bc4 Nf6 3.d3 Nc6 4.Nc3 Na5 5.Nf3 d6 6.h3 Be7 7.O-O O-O 8.Qe2 c6 
9.a3 Nxc4 10.dxc4 Qc7 11.b4 h6 12.Na4 b5 13.Nc3 bxc4 14.Qxc4 Be6 15.Qe2 a5
16.Bd2 Rfb8 17.Na4 axb4 18.axb4 d5 19.exd5 cxd5 20.Qxe5 Qxe5 21.Nxe5 Bxb4 
22.Be3 Rc8 23.Nd3 Bd6 24.Nac5 Bf5 25.Rxa8 Rxa8 26.g4 Bg6 27.Rd1 Ra2 28.Nb4
Rb2 29.Nxd5 Nxd5 30.Rxd5 Bxc5 31.Bxc5 Rxc2 32.Kh2 Be4 33.Re5 Bc6 34.Kg3 f6
35.Rf5 g6 36.Rxf6 Rxc5 37.Rxg6+ Kh7 38.Re6 Rc3+ 39.Kh2 Rc2 40.Kg3 Rc3+ 41.
Kh2 Rc2 42.Kg3 Rc3+ 43.Kh2 1/2-1/2

[Event "Uppsala Young Champions"]
[Site "Uppsala"]
[Date "2014.10.29"]
[Round "1"]
[White "Schweighoffer, Martin"]
[Black "Jappinen, Erland"]
[Result "1-0"]
[WhiteElo "2015"]
[BlackElo "1564"]

1.e4 e5 2.Nf3 Nc6 3.Bb5 a6 4.Ba4 Nf6 5.d4 exd4 6.O-O b5 7.Bb3 Be7 8.e5 Ng4
9.Re1 Bb7 10.h3 Nh6 11.Bd5 Nf5 12.g4 Nh4 13.Nxd4 h5 14.Nf5 Bg5 15.Nxg7+ 
Kf8 16.Nxh5 Ng6 17.Bxf7 Ncxe5 18.Bd5 Bxd5 19.Qxd5 c6 20.Qe4 Bxc1 21.Qf5+ 
Kg8 22.Rxc1 Nh4 23.Qf6 Nhf3+ 24.Kg2 Qxf6 25.Nxf6+ Kf7 26.Ne4 Raf8 27.Nbd2 
Kg6 28.Nxf3 Rxf3 29.Ng3 Rhf8 30.Nf5 Rf4 31.Re1 Nxg4 32.Ne7+ Kg7 33.hxg4 
Rxf2+ 34.Kg3 R2f3+ 35.Kh4 Rh8+ 36.Kg5 Kf7 37.Ng6 1-0

[Event "Uppsala Young Champions"]
[Site "Uppsala"]
[Date "2014.10.29"]
[Round "1"]
[White "Dahl, Trygve"]
[Black "Selimian, Hrayr"]
[Result "1/2-1/2"]
[WhiteElo "1951"]
[BlackElo "2174"]

1.e4 c5 2.Nf3 e6 3.d4 cxd4 4.Nxd4 a6 5.Bd3 Nf6 6.c4 Qc7 7.Nc3 Nc6 8.Nxc6 
dxc6 9.O-O e5 10.Kh1 Bc5 11.Qe2 Bg4 12.f3 Be6 13.Be3 Qe7 14.Na4 Bxe3 15.
Qxe3 Rd8 16.Rfd1 O-O 17.Qc5 Qc7 18.Nb6 Nh5 19.Bf1 g5 20.Nd5 Qb8 21.Ne3 Qc7
22.Nd5 Bxd5 23.cxd5 Rd6 24.Rac1 Qd8 25.Bc4 Nf6 26.Bb3 cxd5 27.Bxd5 Nxd5 
28.Rxd5 Rxd5 29.exd5 Qd7 30.d6 Re8 31.Rd1 Kg7 32.h3 h5 33.Rd5 Rc8 34.Qe3 
f6 35.Qd3 Rd8 36.Rc5 Qxd6 37.Qxd6 Rxd6 38.Rc7+ Kg6 39.Rxb7 Kf5 40.Rb4 Rd2 
41.g4+ Kg6 42.Ra4 Rxb2 43.Rxa6 h4 44.Kg1 Rc2 45.Ra7 Rc3 46.Kg2 Rc6 47.a4 
f5 48.a5 e4 49.gxf5+ Kxf5 50.fxe4+ Kxe4 51.Re7+ Kf4 52.Re2 1/2-1/2

[Event "Uppsala Young Champions"]
[Site "Uppsala"]
[Date "2014.10.29"]
[Round "1"]
[White "Nilsson, Joakim"]
[Black "Machlik, Endre"]
[Result "1-0"]
[WhiteElo "1894"]
[BlackElo "1886"]

1.d4 Nf6 2.Nf3 e6 3.g3 d5 4.Bg2 Bd6 5.O-O O-O 6.c4 c6 7.Qc2 Nbd7 8.Nbd2 e5
9.dxe5 Nxe5 10.Nxe5 Bxe5 11.Nf3 Bc7 12.Rd1 Qe7 13.b3 Re8 14.e3 dxc4 15.
Qxc4 Be6 16.Qc2 a5 17.Bb2 Nd5 18.a3 a4 19.bxa4 Nb6 20.a5 Rxa5 21.Qc3 Rg5 
22.Nxg5 Qxg5 23.h4 Qh6 24.a4 Nd5 25.Bxd5 Bxd5 26.Rxd5 1-0

[Event "Uppsala Young Champions"]
[Site "Uppsala"]
[Date "2014.10.30"]
[Round "2"]
[White "Selimian, Hrayr"]
[Black "Cardenas, William"]
[Result "1-0"]
[WhiteElo "2174"]
[BlackElo "1837"]

1.d4 Nf6 2.c4 e6 3.Nf3 b6 4.a3 Ba6 5.Qa4 Bb7 6.Nc3 c5 7.Bf4 Bc6 8.Qc2 d5 
9.cxd5 Nxd5 10.Bxb8 Rxb8 11.e4 Nxc3 12.bxc3 Be7 13.Bd3 O-O 14.O-O Rc8 15.
d5 c4 16.Bxc4 exd5 17.Ba6 Rc7 18.Rfd1 Qa8 19.e5 d4 20.cxd4 Rd8 21.d5 Bxd5 
22.Qxc7 Bxf3 23.gxf3 1-0

[Event "Uppsala Young Champions"]
[Site "Uppsala"]
[Date "2014.10.30"]
[Round "2"]
[White "Machlik, Endre"]
[Black "Bit-Narva, David"]
[Result "1-0"]
[WhiteElo "1886"]
[BlackElo "1938"]

1.d4 d6 2.c4 e5 3.Nf3 e4 4.Ng5 f5 5.Nc3 c6 6.d5 Be7 7.Nh3 c5 8.Nf4 Nf6 9.
g3 O-O 10.Bg2 Na6 11.O-O Nc7 12.f3 g5 13.Nh3 exf3 14.exf3 Nd7 15.Qc2 b6 
16.b3 Ba6 17.a4 Bc8 18.Bb2 Bf6 19.Rae1 Na6 20.Nf2 Nb4 21.Qxf5 Bd4 22.Qe6+ 
Kh8 23.Qe2 Ne5 24.Nd1 Bf5 25.Bxd4 cxd4 26.Nb2 Nc2 27.Rc1 Ne3 28.Rfe1 Nxg2 
29.Kxg2 Nxf3 30.Qxf3 Bh3+ 31.Nxh3 Rxf3 32.Kxf3 Qd7 33.Kg2 Qg4 34.Nd3 Rf8 
35.Nhf2 Qf3+ 36.Kg1 h5 37.Re4 Rg8 38.Kf1 Rf8 39.Ke1 Qg2 40.Ke2 Qxh2 1-0

[Event "Uppsala Young Champions"]
[Site "Uppsala"]
[Date "2014.10.30"]
[Round "2"]
[White "Hallman, Valo"]
[Black "Nilsson, Joakim"]
[Result "1-0"]
[WhiteElo "1997"]
[BlackElo "1894"]

1.c4 Nf6 2.Nc3 c5 3.g3 Nc6 4.Bg2 g6 5.e4 Bg7 6.Nge2 e5 7.d3 h6 8.f4 d6 9.
O-O O-O 10.h3 Ne8 11.f5 Kh7 12.g4 Bf6 13.Nd5 Ne7 14.Nxf6+ Nxf6 15.g5 Nh5 
16.Bf3 Nf4 17.Nxf4 exf4 18.f6 Nc6 19.Bxf4 Nd4 20.Bg4 Bxg4 21.hxg4 Ne6 22.
Qd2 Rh8 23.Qh2 Kg8 24.gxh6 Qxf6 25.e5 Qd8 26.exd6 Qf8 27.g5 Rd8 28.Rae1 
Nxf4 29.Qxf4 Rxd6 30.Re3 Rd4 31.Qf6 Rg4+ 32.Kh2 Rh4+ 33.Kg3 Rh5 34.Rfe1 
Qb8+ 35.Re5 Rh7 36.Qd8+ 1-0

[Event "Uppsala Young Champions"]
[Site "Uppsala"]
[Date "2014.10.30"]
[Round "2"]
[White "Jappinen, Erland"]
[Black "Bannout, Edvin"]
[Result "1/2-1/2"]
[WhiteElo "1564"]
[BlackElo "1819"]

1.e4 e6 2.d4 d5 3.Nc3 Bb4 4.e5 b6 5.a3 Bf8 6.Nb1 Ba6 7.Ne2 c5 8.c3 Qd7 9.
Nd2 Nc6 10.Nf3 Nge7 11.Be3 Nf5 12.g3 Be7 13.Bh3 O-O 14.Bxf5 exf5 15.O-O 
cxd4 16.cxd4 f6 17.exf6 Bxf6 18.Re1 Bxe2 19.Rxe2 Rfe8 20.Qd2 Na5 21.Rae1 
Nc4 22.Qd3 Nd6 23.Bg5 Re4 24.Bxf6 gxf6 25.Nd2 Rxe2 26.Rxe2 Re8 27.Rxe8+ 
Qxe8 28.Kf1 Ne4 29.f3 Nxd2+ 30.Qxd2 Qh5 31.Kg2 Qg5 32.Qxg5+ fxg5 33.g4 f4 
34.b4 Kf7 35.b5 Ke6 36.Kf2 Kd6 37.Ke2 a6 38.a4 axb5 39.axb5 h5 40.h3 Ke6 
41.Kd3 1/2-1/2

[Event "Uppsala Young Champions"]
[Site "Uppsala"]
[Date "2014.10.30"]
[Round "2"]
[White "Dahl, Trygve"]
[Black "Schweighoffer, Martin"]
[Result "0-1"]
[WhiteElo "1951"]
[BlackElo "2015"]

1.e4 e5 2.Nf3 Nc6 3.d4 exd4 4.Nxd4 Bc5 5.Be3 Qf6 6.c3 Nge7 7.Bc4 Ne5 8.Be2
Qg6 9.O-O O-O 10.Nd2 d5 11.Bh5 Qf6 12.f4 Nd3 13.Qb1 Nb4 14.Bf3 Nbc6 15.
N2b3 Bxd4 16.Nxd4 Nxd4 17.Bxd4 Qxf4 18.Bc5 Qg5 19.exd5 Re8 20.Qe4 Bf5 21.
Qc4 Rad8 22.Rae1 b6 23.Be3 Qg6 24.Rf2 Bd3 25.Qxc7 Nxd5 26.Bxd5 Rxd5 27.Rd1
Bc4 28.Bd4 Bxa2 29.Rdf1 Rg5 30.Qd7 f6 31.Qc6 Bd5 32.Qd6 Rxg2+ 33.Kh1 Rg1# 
0-1

[Event "Uppsala Young Champions"]
[Site "Uppsala"]
[Date "2014.10.30"]
[Round "3"]
[White "Schweighoffer, Martin"]
[Black "Selimian, Hrayr"]
[Result "0-1"]
[WhiteElo "2015"]
[BlackElo "2174"]

1.e4 c6 2.d4 d5 3.Nd2 dxe4 4.Nxe4 Nd7 5.Be3 Ngf6 6.f3 Qb6 7.Qc1 g6 8.c3 
Nd5 9.Bf2 N7f6 10.Bc4 h5 11.Nxf6+ Nxf6 12.Be3 Nd5 13.Bxd5 cxd5 14.Ne2 Bd7 
15.O-O e6 16.Bg5 Bg7 17.Re1 Bb5 18.Nf4 O-O 19.Be7 Rfe8 20.Bc5 Qc7 21.a4 
Bc4 22.a5 e5 23.Nh3 b6 24.axb6 axb6 25.Rxa8 Rxa8 26.Ba3 exd4 27.cxd4 Bxd4+
28.Kh1 Qc6 29.Qd2 Qf6 30.Be7 Qg7 31.Qb4 b5 32.b3 Bc3 33.Qc5 Bxe1 34.Qc6 
Qa1 35.Ng1 Bf2 0-1

[Event "Uppsala Young Champions"]
[Site "Uppsala"]
[Date "2014.10.30"]
[Round "3"]
[White "Bannout, Edvin"]
[Black "Dahl, Trygve"]
[Result "0-1"]
[WhiteElo "1819"]
[BlackElo "1951"]

1.e4 c5 2.Nf3 e6 3.c3 d5 4.exd5 exd5 5.d4 Bd6 6.Be3 c4 7.b3 b5 8.a4 Qa5 9.
b4 Qb6 10.axb5 Bd7 11.Na3 Nf6 12.g3 Ne4 13.Qc1 a5 14.bxa6 Nxc3 15.b5 Nxb5 
16.Nxb5 Qxb5 17.Bg2 c3 18.Bf1 Qb4 19.Bd3 Ba4 20.O-O Nxa6 21.Bxa6 Rxa6 22.
Bd2 Rc6 23.Re1+ Be7 24.Rb1 cxd2 25.Qxd2 Qxd2 26.Nxd2 Re6 27.Rb8+ Kd7 28.
Rb7+ Ke8 29.Rb8+ Bd8 30.Ra1 Bc6 31.Nf3 f6 32.Ra6 Kf7 33.Nh4 Rhe8 34.Nf5 g6
35.Ra7+ Be7 36.Rxe8 Bxe8 37.Ne3 Bc6 38.Nc2 Kg8 39.Ne3 Kg7 40.Nc2 Kh6 41.
Ne3 f5 42.Ng2 Bf6 43.Nf4 Re1+ 44.Kg2 Bxd4 45.Rc7 Bb5 46.h4 Bf1+ 47.Kf3 Bc4
48.Rc6 Be5 49.Ne6 Bd3 50.Kg2 Be4+ 51.f3 Re2+ 52.Kf1 Bxf3 53.Ng5 Bg4 54.Re6
Bxg3 55.Ra6 Bxh4 56.Nf7+ Kh5 57.Ra8 Rf2+ 58.Kg1 h6 59.Rh8 Bg5 60.Kxf2 d4 
61.Ne5 Bf6 62.Nxg4 Bxh8 63.Nh2 g5 64.Nf1 Be5 65.Nd2 g4 66.Nc4 Bc7 67.Nb2 
Kg5 68.Nd3 Bf4 69.Kg2 h5 70.Kf2 h4 71.Kg2 h3+ 72.Kg1 Be3+ 73.Kh2 Kh4 74.
Ne1 f4 75.Kh1 d3 76.Nxd3 g3 77.Nf2 gxf2 78.Kh2 Kg4 0-1

[Event "Uppsala Young Champions"]
[Site "Uppsala"]
[Date "2014.10.30"]
[Round "3"]
[White "Nilsson, Joakim"]
[Black "Jappinen, Erland"]
[Result "1-0"]
[WhiteElo "1894"]
[BlackElo "1564"]

1.d4 d5 2.Nf3 Nf6 3.g3 Bf5 4.Bg2 e6 5.O-O c5 6.c4 Nc6 7.cxd5 exd5 8.Nc3 
Be7 9.dxc5 Bxc5 10.Qb3 Qd7 11.Bg5 Ne4 12.Bf4 O-O 13.Rad1 Nxc3 14.Qxc3 Bb4 
15.Qb3 Be6 16.Ng5 Rfd8 17.Qd3 g6 18.a3 Be7 19.Nf3 Bf6 20.b4 Bf5 21.Qb3 Be4
22.Bc1 Re8 23.Bb2 Bxb2 24.Qxb2 Rac8 25.b5 Na5 26.Ne5 Qe7 27.Ng4 Qg5 28.
Nf6+ Kh8 29.Nxe8+ 1-0

[Event "Uppsala Young Champions"]
[Site "Uppsala"]
[Date "2014.10.30"]
[Round "3"]
[White "Bit-Narva, David"]
[Black "Hallman, Valo"]
[Result "1-0"]
[WhiteElo "1938"]
[BlackElo "1997"]

1.e4 d5 2.exd5 Qxd5 3.Nc3 Qa5 4.d4 Nf6 5.h3 Bf5 6.Bc4 e6 7.Bd2 c6 8.Nf3 
Qc7 9.O-O Be7 10.Nh4 Be4 11.Re1 Bd5 12.Nxd5 cxd5 13.Bd3 Nc6 14.c3 O-O 15.
Nf3 a6 16.Ne5 Nxe5 17.dxe5 Nd7 18.Qe2 Bc5 19.Rac1 f6 20.Qg4 Qb6 21.exf6 
Rxf6 22.Be3 Raf8 23.Bxc5 Nxc5 24.Qd4 Rf4 25.Qe3 d4 26.cxd4 Nxd3 27.Qxd3 
Rxf2 28.Qe4 Rxb2 29.Rb1 Rff2 30.Rxb2 Rxb2 31.Rc1 Rb4 32.Rc8+ Kf7 33.Qf4+ 
Kg6 34.Qg3+ Kh6 35.Rc5 Qd8 36.Qe3+ Kg6 37.Qxe6+ Qf6 38.Qg4+ Kf7 39.Rc7+ 
Kg8 40.Qc8+ Qf8 41.Qe6+ Kh8 42.Rc8 Rb1+ 43.Kh2 1-0

[Event "Uppsala Young Champions"]
[Site "Uppsala"]
[Date "2014.10.30"]
[Round "3"]
[White "Cardenas, William"]
[Black "Machlik, Endre"]
[Result "0-1"]
[WhiteElo "1837"]
[BlackElo "1886"]

1.Nf3 d5 2.c4 d4 3.e3 c5 4.b4 dxe3 5.fxe3 cxb4 6.d4 e6 7.Bd3 Nf6 8.O-O Be7
9.Bb2 O-O 10.Nbd2 Nbd7 11.e4 b6 12.Qe2 Bb7 13.e5 Nh5 14.Qe3 g6 15.Rad1 Re8
16.Kh1 Ng7 17.Qf4 f5 18.Qh6 Nh5 19.d5 exd5 20.Bxf5 Bf8 21.Qe3 gxf5 22.cxd5
Bxd5 23.Qd4 Be6 24.Nc4 Bc5 25.Qd3 Nf4 26.Qd2 Nd5 27.Nd4 Bxd4 28.Qxd4 Qg5 
29.Rd3 Kh8 30.Rg3 Qh5 31.Rgf3 Rf8 32.Nd6 Ne7 33.Rh3 Qe2 34.Rhf3 Nc6 35.Qf2
Qxf2 36.R3xf2 Ne7 37.Rd1 Nc5 38.Rf4 a5 39.Rh4 Ng6 40.Rh5 Ne4 41.Kg1 Nc3 
42.Re1 Nf4 43.Rh6 Kg7 44.Rh4 Nd3 45.Re3 Nxb2 46.Rg3+ Kh8 47.Rgh3 Ra7 48.
Rh6 Re7 49.a3 Ne2+ 50.Kf2 Nf4 51.Re3 Nd1+ 0-1

[Event "Uppsala Young Champions"]
[Site "Uppsala"]
[Date "2014.10.31"]
[Round "4"]
[White "Selimian, Hrayr"]
[Black "Machlik, Endre"]
[Result "1-0"]
[WhiteElo "2174"]
[BlackElo "1886"]

1.d4 d5 2.Nf3 Nf6 3.c4 dxc4 4.Nc3 Bf5 5.e3 e6 6.Bxc4 Nbd7 7.Qe2 Nb6 8.Bb3 
Be7 9.h3 O-O 10.O-O c6 11.Ne5 Qc7 12.e4 Bg6 13.Bf4 Qc8 14.Rac1 Bb4 15.a3 
Bxc3 16.Nxg6 hxg6 17.bxc3 c5 18.Bd6 Re8 19.Bxc5 Qc6 20.e5 Nfd7 21.Bxb6 
Nxb6 22.c4 Rac8 23.Rc2 Qc7 24.f4 Rcd8 25.Rd1 Qe7 26.Ra2 Rc8 27.Kh2 Qc7 28.
Rc2 Qe7 29.Rd3 Qxa3 30.c5 Nd7 31.Bxe6 Qa4 32.Bb3 Qb5 33.Bc4 Qc6 34.Rdc3 a6
35.Qg4 Nf8 36.d5 Qxc5 37.d6 Red8 38.Bxf7+ 1-0

[Event "Uppsala Young Champions"]
[Site "Uppsala"]
[Date "2014.10.31"]
[Round "4"]
[White "Hallman, Valo"]
[Black "Cardenas, William"]
[Result "1-0"]
[WhiteElo "1997"]
[BlackElo "1837"]

1.Nf3 Nf6 2.g3 d5 3.d4 e6 4.Bg2 c6 5.O-O Be7 6.c4 O-O 7.Nfd2 c5 8.cxd5 
exd5 9.dxc5 Bxc5 10.Nb3 Be7 11.Nc3 Be6 12.Nd4 Bg4 13.Qb3 Nc6 14.Rd1 Nxd4 
15.Rxd4 Bc5 16.Rd1 Qe7 17.Bg5 Qe5 18.Bf4 Qh5 19.Nxd5 Rad8 20.Nxf6+ gxf6 
21.Rd5 Rxd5 22.Qxd5 Qxd5 23.Bxd5 Bxe2 24.Bxb7 Rd8 25.Re1 Rd1 26.Rxd1 Bxd1 
27.Kg2 Kg7 28.Bf3 Bc2 29.Bd2 Bd3 30.Bc3 Kg6 31.Bd5 f5 32.b4 Bd6 33.Kf3 Bb5
34.a3 f6 35.Bd4 a6 36.Ke3 Bc7 37.f4 a5 38.Bc5 axb4 39.axb4 Bb8 40.Kd4 Bc7 
41.Bc4 Bc6 42.b5 Bxb5 43.Bxb5 Ba5 44.Kd5 h5 45.Bf2 Bd2 46.Be8+ Kh6 47.h4 
Bc3 48.Ke6 Bb2 49.Kxf5 Bc3 50.Bg6 Bb4 51.Be8 Bc3 52.Bc6 Bb2 53.Bf3 Bc3 54.
Ke4 Bb4 55.f5 Bd6 56.Be3+ Kg7 57.Bf4 Bb4 58.Bxh5 Bc3 59.Be2 Bb4 60.Kf3 1-0

[Event "Uppsala Young Champions"]
[Site "Uppsala"]
[Date "2014.10.31"]
[Round "4"]
[White "Jappinen, Erland"]
[Black "Bit-Narva, David"]
[Result "0-1"]
[WhiteElo "1564"]
[BlackElo "1938"]

1.e4 g6 2.d4 Bg7 3.Nf3 d6 4.Be3 a6 5.Bd3 Nd7 6.O-O e6 7.Ne1 e5 8.d5 Ne7 9.
c4 O-O 10.Nc3 f5 11.b4 f4 12.Bc1 g5 13.Be2 Nf6 14.c5 g4 15.f3 h5 16.a4 Qe8
17.cxd6 cxd6 18.b5 Qg6 19.Ba3 Ne8 20.bxa6 bxa6 21.a5 Qg5 22.Na4 Qh4 23.Nb6
g3 24.h3 Bxh3 25.gxh3 Qxh3 26.Rf2 gxf2+ 27.Kxf2 Qg3+ 28.Kf1 Ra7 29.Nc4 h4 
30.Nxd6 Nxd6 31.Bxd6 h3 32.Bxa6 h2 33.Bxe7 h1=Q+ 34.Ke2 Qgh2+ 35.Kd3 Qf1+ 
36.Kc3 Rc7+ 37.Kb3 Qxa6 38.Bb4 Qc4+ 39.Ka3 Rb8 40.Rb1 Qha2# 0-1

[Event "Uppsala Young Champions"]
[Site "Uppsala"]
[Date "2014.10.31"]
[Round "4"]
[White "Dahl, Trygve"]
[Black "Nilsson, Joakim"]
[Result "1-0"]
[WhiteElo "1951"]
[BlackElo "1894"]

1.d4 Nf6 2.Bg5 Ne4 3.Bf4 d5 4.e3 e6 5.Bd3 Nf6 6.Nf3 Bd6 7.Ne5 O-O 8.Nd2 c5
9.c3 b6 10.Qe2 Bb7 11.g4 Bxe5 12.Bxe5 Nfd7 13.Bd6 Re8 14.O-O-O e5 15.dxe5 
Nxe5 16.Bxe5 Rxe5 17.f4 Re7 18.e4 d4 19.cxd4 Qxd4 20.Nc4 Qf6 21.Rhf1 Nc6 
22.e5 Qh4 23.Be4 Nd4 24.Qg2 Bxe4 25.Qxe4 Rd8 26.Qg2 Qh6 27.Nd6 Qe6 28.Kb1 
Qd7 29.Nf5 Re6 30.Qe4 f6 31.Ne3 Rde8 32.Nc4 Qb5 33.b3 fxe5 34.f5 R6e7 35.
Nd6 Qd7 36.Nxe8 Rxe8 37.f6 Qf7 38.fxg7 Qxg7 39.Qd5+ Kh8 40.Qe4 Nb5 41.Kb2 
Nd4 42.Rf2 a5 43.Rdf1 Qh6 44.Rf7 Qd2+ 45.Kb1 Qxh2 46.Rh1 Nb5 47.Rxh7+ Kg8 
48.Qg6+ 1-0

[Event "Uppsala Young Champions"]
[Site "Uppsala"]
[Date "2014.10.31"]
[Round "4"]
[White "Schweighoffer, Martin"]
[Black "Bannout, Edvin"]
[Result "1-0"]
[WhiteElo "2015"]
[BlackElo "1819"]

1.e4 e6 2.d4 d5 3.Nd2 Nf6 4.e5 Nfd7 5.f4 c5 6.c3 Nc6 7.Ndf3 Qa5 8.Kf2 f6 
9.g3 Be7 10.Bh3 f5 11.g4 fxg4 12.Bxg4 Nf8 13.Be3 cxd4 14.Bxd4 Ng6 15.Bh5 
Bd7 16.Ne2 O-O-O 17.Bxg6 hxg6 18.Rg1 Rh6 19.Qd3 Bh4+ 20.Ke3 Ne7 21.a4 Nf5+
22.Kd2 Be7 23.b4 Qc7 24.Bxa7 Rh3 25.Ned4 Rf8 26.Nxf5 Rxf5 27.Rg3 Rhh5 28.
Qd4 g5 29.Bb6 Qc4 30.Qxc4+ dxc4 31.fxg5 Bc6 32.Rf1 Bxg5+ 33.Be3 Bxf3 34.
Bxg5 Rxh2+ 35.Ke3 Re2+ 36.Kd4 Re4+ 37.Kc5 Rexe5+ 38.Kd6 Rd5+ 39.Ke7 Be4 
40.Re1 Bc2 41.Be3 Bxa4 42.Rh1 Rd7+ 43.Kxe6 Rf6+ 44.Ke5 Re7+ 45.Kd4 Rd6+ 
46.Kc5 Kd7 47.b5 b6+ 48.Kxc4 Rde6 49.Bd4 g6 50.Rg2 Bc2 51.Rxc2 Kc7 52.Ra2 
Kb7 53.Rha1 Rc7+ 54.Kd5 Ree7 55.Ra8 Rcd7+ 56.Kc4 Kc7 57.R1a6 Re6 58.R6a7+ 
Kd6 59.Bxb6 Ke7 60.Bc5+ 1-0

[Event "Uppsala Young Champions"]
[Site "Uppsala"]
[Date "2014.10.31"]
[Round "5"]
[White "Bannout, Edvin"]
[Black "Selimian, Hrayr"]
[Result "0-1"]
[WhiteElo "1819"]
[BlackElo "2174"]

1.e4 c6 2.d4 d5 3.exd5 cxd5 4.c4 Nf6 5.Nc3 e6 6.Nf3 Bb4 7.Bd3 Nc6 8.O-O 
O-O 9.Bg5 Be7 10.Re1 dxc4 11.Bxc4 b6 12.a3 Bb7 13.Qd3 Nd5 14.Bxe7 Ncxe7 
15.Rad1 Rc8 16.Ba2 Nf4 17.Qe3 Nxg2 18.Kxg2 Nf5 19.Qf4 Nh4+ 20.Kf1 Bxf3 21.
Rd3 Bb7 22.Rg3 Ng6 23.Qe3 Qh4 24.Kg1 Rfd8 25.Rd1 Qf4 26.Bb1 Qxe3 27.fxe3 
Ne7 28.Ne4 Nf5 29.Nf6+ Kh8 30.Bxf5 exf5 31.Nh5 g6 32.Nf4 Be4 33.Rd2 Rc1+ 
34.Kf2 Rh1 35.Rh3 Kg7 36.Ne2 h5 37.Ng3 Rc1 38.Nxe4 fxe4 39.Rh4 f5 40.Rf4 
Kf6 41.h4 Rdc8 42.Kg3 Re1 43.Kf2 Rcc1 44.d5 Red1 45.Ke2 Rxd2+ 46.Kxd2 Rc5 
47.Rf2 Rxd5+ 48.Kc2 Rd3 49.Re2 g5 50.hxg5+ Kg6 51.Kc1 h4 52.Kc2 h3 53.Kc1 
Kxg5 0-1

[Event "Uppsala Young Champions"]
[Site "Uppsala"]
[Date "2014.10.31"]
[Round "5"]
[White "Cardenas, William"]
[Black "Jappinen, Erland"]
[Result "1-0"]
[WhiteElo "1837"]
[BlackElo "1564"]

1.e4 e5 2.Nf3 Nc6 3.Bb5 a6 4.Ba4 b5 5.Bb3 Bc5 6.O-O Bb7 7.c3 d6 8.d4 Bb6 
9.a4 Nge7 10.Bg5 O-O 11.axb5 axb5 12.Rxa8 Bxa8 13.Na3 b4 14.Nc4 h6 15.Bh4 
Ba5 16.Qa1 bxc3 17.d5 g5 18.dxc6 cxb2 19.Qxb2 Nxc6 20.Bg3 h5 21.h4 g4 22.
Ng5 Bb6 23.Nxb6 cxb6 24.f4 gxf3 25.Rxf3 Nd4 26.Rxf7 Rxf7 27.Nxf7 Qf6 28.
Nxd6+ Kf8 29.Nf5 Nxb3 30.Qxb3 Bxe4 31.Qb4+ 1-0

[Event "Uppsala Young Champions"]
[Site "Uppsala"]
[Date "2014.10.31"]
[Round "5"]
[White "Bit-Narva, David"]
[Black "Dahl, Trygve"]
[Result "1/2-1/2"]
[WhiteElo "1938"]
[BlackElo "1951"]

1.d4 d5 2.Nf3 e6 3.e3 Bd6 4.Bd3 f5 5.O-O Nf6 6.c4 c6 7.b3 Qe7 8.Qc2 Ne4 9.
Ne5 O-O 10.f4 Nd7 11.Nc3 Rf6 12.Nxe4 fxe4 13.Nxd7 Bxd7 14.Be2 Rh6 15.Rf2 
g5 16.g3 gxf4 17.gxf4 Rg6+ 18.Rg2 Rxg2+ 19.Kxg2 Qg7+ 20.Kh1 Kh8 21.Bf1 Rg8
22.Qg2 Qf6 23.Qe2 Bxf4 24.exf4 Qxd4 25.Be3 Qxa1 26.Qf2 Qd1 27.Bd4+ Rg7 28.
Bxg7+ Kxg7 29.Kg1 Qg4+ 30.Bg2 e5 31.fxe5 Qd1+ 32.Bf1 Qf3 33.Qxf3 exf3 34.
cxd5 cxd5 35.Kf2 Bg4 36.h3 Bh5 37.Ke3 Kf7 38.Kf4 h6 39.h4 Ke7 40.Bh3 b6 
41.b4 a5 42.bxa5 bxa5 43.Ke3 a4 1/2-1/2

[Event "Uppsala Young Champions"]
[Site "Uppsala"]
[Date "2014.10.31"]
[Round "5"]
[White "Machlik, Endre"]
[Black "Hallman, Valo"]
[Result "0-1"]
[WhiteElo "1886"]
[BlackElo "1997"]

1.d4 d5 2.c4 e6 3.Nc3 Nf6 4.cxd5 exd5 5.Bg5 c6 6.e3 Be7 7.Bd3 Nbd7 8.Nf3 
h6 9.Bf4 O-O 10.O-O Re8 11.Qc2 Nb6 12.Rab1 Bd6 13.Bxd6 Qxd6 14.b4 Bg4 15.
Ne5 Nbd7 16.h3 Nxe5 17.dxe5 Qxe5 18.hxg4 Nxg4 19.g3 Nxe3 20.fxe3 Qxg3+ 21.
Qg2 Rxe3 22.Nxd5 cxd5 23.Bc2 Qh4 24.Rb3 Qd4 25.Kh1 Qh4+ 26.Kg1 Re5 27.Rh3 
Qd4+ 28.Kh1 Rc8 29.Bb1 Rc6 30.b5 Rce6 31.Qf3 Rf6 32.Rc1 Re8 33.Qe3 Rf1+ 
34.Kg2 Qg4+ 35.Kxf1 Rxe3 36.Rxe3 g6 37.Ke1 Kg7 38.Bc2 Qf4 39.Ke2 d4 40.Re7
Qxc1 41.Bb3 Qf4 42.Kd3 Qf5+ 43.Ke2 d3+ 0-1

[Event "Uppsala Young Champions"]
[Site "Uppsala"]
[Date "2014.10.31"]
[Round "5"]
[White "Nilsson, Joakim"]
[Black "Schweighoffer, Martin"]
[Result "0-1"]
[WhiteElo "1894"]
[BlackElo "2015"]

1.d4 Nf6 2.Nf3 g6 3.g3 Bg7 4.Bg2 O-O 5.O-O d5 6.c4 dxc4 7.Ne5 Nd5 8.Nxc4 
Nb6 9.Nxb6 axb6 10.e3 c5 11.Qe2 cxd4 12.Rd1 Nc6 13.Nc3 e5 14.Nb5 Bf5 15.
exd4 exd4 16.Qc4 Bg4 17.f3 Be6 18.Qf1 Rxa2 19.Rxa2 Bxa2 20.Bf4 Bb3 21.Rd2 
Qd5 22.Na3 Qc5 23.Qf2 b5 24.Bf1 b4 25.Nb5 Rd8 26.Bd3 Ne5 27.Bxe5 Bxe5 28.
Qe2 Bf6 29.Kg2 Bg5 30.f4 Bf6 31.Kf2 Kf8 32.Qf3 Bd5 33.Qg4 Bc6 34.Nc7 Qd6 
35.Nb5 Qd5 36.Nc7 Qd7 37.Qxd7 Rxd7 38.Nb5 Rd5 39.Nc7 Ra5 40.Bc4 Bd8 41.
Rxd4 Bxc7 42.Rd2 Rc5 43.b3 b5 44.Bf1 Bb6 45.Ke1 Bf3 46.Be2 Rc1+ 0-1

[Event "Uppsala Young Champions"]
[Site "Uppsala"]
[Date "2014.11.01"]
[Round "6"]
[White "Selimian, Hrayr"]
[Black "Hallman, Valo"]
[Result "1-0"]
[WhiteElo "2174"]
[BlackElo "1997"]

1.d4 d6 2.Nf3 Nf6 3.c4 Nbd7 4.Nc3 e5 5.e4 Be7 6.g3 O-O 7.Bg2 a5 8.O-O Re8 
9.b3 Bf8 10.Bb2 exd4 11.Nxd4 Nc5 12.Re1 g6 13.Qd2 Bg7 14.Ndb5 Bd7 15.f3 a4
16.b4 Ne6 17.a3 h5 18.Ne2 Kh7 19.Rad1 h4 20.Nbd4 hxg3 21.hxg3 Qe7 22.Nf4 
Nxd4 23.Bxd4 Rad8 24.Kf2 Kg8 25.Qb2 Nh5 26.Nxh5 Bxd4+ 27.Qxd4 gxh5 28.Rh1 
Qe5 29.Qxe5 dxe5 30.Bf1 Be6 31.Be2 f6 32.Ke3 Kg7 33.c5 Rxd1 34.Rxd1 Kf7 
35.f4 Bg4 36.Bxg4 hxg4 37.Rd7+ Re7 38.Rxe7+ Kxe7 39.fxe5 fxe5 40.Kd3 c6 
41.Kc4 Kd7 42.b5 Kc7 43.Kb4 b6 44.Kxa4 bxc5 45.bxc6 Kb6 46.c7 Kxc7 47.Kb5 
1-0

[Event "Uppsala Young Champions"]
[Site "Uppsala"]
[Date "2014.11.01"]
[Round "6"]
[White "Jappinen, Erland"]
[Black "Machlik, Endre"]
[Result "0-1"]
[WhiteElo "1564"]
[BlackElo "1886"]

1.e4 c6 2.d4 d5 3.e5 Bf5 4.Nf3 e6 5.Be2 c5 6.c3 Nc6 7.Be3 Qb6 8.Qd2 cxd4 
9.Nxd4 Nxd4 10.Bxd4 Bc5 11.O-O Ne7 12.Kh1 Nc6 13.Rd1 Rc8 14.Na3 Nxd4 15.
cxd4 Bxa3 16.bxa3 Rc2 17.Qe3 O-O 18.Bd3 Bxd3 19.Qxd3 Rfc8 20.Qg3 Qb2 21.
Qg5 h6 22.Qf4 Rxf2 23.Qg4 Qxa3 24.h3 Rxa2 25.Rab1 b6 26.Rf1 Qe7 27.Rfc1 
Rac2 28.Rf1 Qc7 29.Qf4 a5 30.Rxb6 Qxb6 31.Qxf7+ Kh8 32.Rf6 Qc7 33.Rxh6+ 
gxh6 34.Qxe6 Qg7 0-1

[Event "Uppsala Young Champions"]
[Site "Uppsala"]
[Date "2014.11.01"]
[Round "6"]
[White "Dahl, Trygve"]
[Black "Cardenas, William"]
[Result "1-0"]
[WhiteElo "1951"]
[BlackElo "1837"]

1.e4 e5 2.Nf3 Nc6 3.Nc3 Nf6 4.Be2 d5 5.exd5 Nxd5 6.d3 Nxc3 7.bxc3 Bd6 8.
O-O O-O 9.Ng5 Be7 10.Nf3 f5 11.d4 e4 12.Bc4+ Kh8 13.Nd2 Bd6 14.Re1 Qh4 15.
Nf1 Bd7 16.Re3 f4 17.Rxe4 Bf5 18.Re1 f3 19.g3 Qh5 20.Bd3 Bd7 21.Re4 g5 22.
Bb2 Bf4 23.c4 Qh3 24.d5+ Kg8 25.Qxf3 Be5 26.Qe3 Bxb2 27.Qxg5+ Bg7 28.Rh4 
h6 29.Qc1 Qxh4 30.gxh4 Nd4 31.Rb1 Rf3 32.Ng3 Raf8 33.Qf1 Be5 34.Re1 Bxg3 
35.hxg3 Rxg3+ 36.fxg3 Rf3 37.Qg2 1-0

[Event "Uppsala Young Champions"]
[Site "Uppsala"]
[Date "2014.11.01"]
[Round "6"]
[White "Bannout, Edvin"]
[Black "Nilsson, Joakim"]
[Result "0-1"]
[WhiteElo "1819"]
[BlackElo "1894"]

1.e4 Nf6 2.e5 Nd5 3.d4 d6 4.c4 Nb6 5.exd6 exd6 6.h3 Be7 7.Nc3 O-O 8.Nf3 
Bf5 9.Be2 Bf6 10.O-O Nc6 11.b3 Qd7 12.Bb2 d5 13.c5 Nc8 14.Bd3 N8e7 15.Ne2 
Ng6 16.Bc3 Bxd3 17.Qxd3 Nd8 18.Bd2 Ne6 19.Rab1 c6 20.g3 h5 21.h4 a5 22.Nc3
Bd8 23.a3 Nc7 24.Bg5 Bxg5 25.Nxg5 Qg4 26.Kh2 Ne8 27.b4 axb4 28.axb4 Nf6 
29.Ra1 Qd7 30.b5 Ng4+ 31.Kg2 Qc7 32.Kg1 Rfe8 33.b6 Qd7 34.Qf3 Nf8 35.Ne2 
Nh7 36.Nxh7 Kxh7 37.Nf4 g6 38.Nh3 Kg7 39.Kg2 Rxa1 40.Rxa1 Re4 41.Ng5 Re7 
42.Qd3 f6 43.Nh3 Nh6 44.Nf4 Nf5 45.Kf1 Re4 46.Ra4 Qe7 47.Ne2 g5 48.hxg5 
fxg5 49.Qf3 h4 50.Qxf5 Rxe2 51.gxh4 Re1+ 52.Kg2 gxh4 53.Ra7 Re4 54.Kh3 Kh6
55.f3 Qg7 56.Qg4 Rxg4 57.fxg4 Qf6 58.Rxb7 Qf2 59.g5+ Kg6 60.Rg7+ Kxg7 61.
Kg4 Kg6 62.b7 Qg3# 0-1